| 000 | 00843cam a2200217 4500 | ||
|---|---|---|---|
| 001 | L125861 | ||
| 008 | 040419n2004 000 0 eng u | ||
| 020 | _a184334081X | ||
| 035 | _a(Sirsi) u125861 | ||
| 041 | _aeng | ||
| 050 |
_a023.5 _c18 |
||
| 100 | _aBrine, Alan | ||
| 245 |
_aContinuing professional development _ba guide for information professionals |
||
| 260 |
_aOxford _bChandos _c2004 |
||
| 300 |
_axi,179p. _c24cm. |
||
| 350 | _a39 | ||
| 490 | _aChandos Information Professional Series | ||
| 520 | _aProvides a guide to all aspects of CPD for information professionals. Discusses: skills, strengths and weaknesses; using portfolios to record professional development; programmes for development; support; and continuing career development. | ||
| 690 | _aMANAGEMENT-BUSINESS MANAGEMENT-INFORMATION MANAGEMENT | ||
| 942 | _n0 | ||
| 999 |
_c103483 _d103483 |
||